• 首页
  • 本馆介绍
  • 公告通知
  • 最新文献
  • 馆藏检索
  • 电子资源
  • 读者导购
  • 参考咨询
  • 我的图书馆
  • 登录
  • 详细信息显示
  • 放入我的书架
  • 预约/预借图书
  • 作者相关作品
  • 分类相关作品
  • 丛书相关作品
  • 出版社相关作品

书目信息

  • 表格格式
  • 工作单格式
  • 卡片格式
题名:
案说民法典
    
 
作者: 张文生 , 徐国纲 主编
分册:  
出版信息: 北京   法律出版社  2021
页数: 163页
开本: 24cm
丛书名: 案说民法典系列
单 册:
中图分类: D922.165
科图分类:
主题词: 医疗纠纷--yi liao jiu fen--法律解释--中国
电子资源:
ISBN: 978-7-5197-5336-8
000 01334oam2 2200289 450
001 2131737071
005 20210930094330.0
010    @a978-7-5197-5336-8@dCNY58.00
100    @a20210715d2021 em y0chiy0120 ea
101 0  @achi
102    @aCN@b110000
105    @ay z 000yy
106    @ar
200 1  @a案说民法典@Aan shuo min fa dian@e医患纠纷疑点解答@dThe civil code and cases@einterpretation on typical doctor-patient disputes@f张文生,徐国纲主编@zeng
210    @a北京@c法律出版社@d2021
215    @a163页@d24cm
225 2  @a案说民法典系列@Aan shuo min fa dian xi lie
330    @a本书由北京市丰台区平合医患中心从数百份案例中精选提炼了数十个医患纠纷案例,通过临床医生、法医、法官、律师多维度的解析,旨在加强医务人员对执业边界的理解、规范医务人员的诊疗行为、有效地预防和化解医患纠纷,从而增强医务人员的法律意识、风险防控意识,使人民群众获得更好的健康服务,促进健康领域和谐发展。
461  0 @12001 @a案说民法典系列
510 1  @aThe Civil code and cases@einterpretation on typical doctor-patient disputes@zeng
517 1  @a医患纠纷疑点解答@Ayi huan jiu fen yi dian jie da
606 0  @a医疗纠纷@Ayi liao jiu fen@x法律解释@y中国
690    @aD922.165@v5
701  0 @a张文生@Azhang wen sheng@4主编
701  0 @a徐国纲@Axu guo gang@4主编
801  0 @aCN@b百万庄@c20210929
905    @b1303434-37@dD922.165@e2184@f4
    
    案说民法典:医患纠纷疑点解答=The civil code and cases:interpretation on typical doctor-patient disputes/张文生,徐国纲主编.-北京:法律出版社,2021
    163页;24cm.-(案说民法典系列)
    
    
    ISBN 978-7-5197-5336-8:CNY58.00
    本书由北京市丰台区平合医患中心从数百份案例中精选提炼了数十个医患纠纷案例,通过临床医生、法医、法官、律师多维度的解析,旨在加强医务人员对执业边界的理解、规范医务人员的诊疗行为、有效地预防和化解医患纠纷,从而增强医务人员的法律意识、风险防控意识,使人民群众获得更好的健康服务,促进健康领域和谐发展。
●
相关链接 在E读中查询图书 在五车中查询图书 在当当中查询图书 在豆瓣中查询图书


正题名:案说民法典     索取号:D922.165/2184         预约/预借

序号 登录号 条形码 馆藏地/架位号 状态 备注
1 1303434   213034349   第一样本阅览室/ [索取号:D922.165/2184] 在馆    
2 1303435   213034358   第一借阅区/ [索取号:D922.165/2184] 在馆    
3 1303436   213034367   第一借阅区/ [索取号:D922.165/2184] 在馆    
4 1303437   213034376   第一借阅区/ [索取号:D922.165/2184] 在馆    
唐山师范学院图书馆 欢迎您!
大连网信软件有限公司© 版权所有